| 000 | 01458ngm a22003730a 4500 | ||
|---|---|---|---|
| 001 | PT15507 | ||
| 003 | AR-LpoUNG | ||
| 005 | 20210202000148.0 | ||
| 007 | vd cvaizq | ||
| 008 | 191001ss. f||||ag |||||||||||||||||spa d | ||
| 037 | _c$11.7 | ||
| 040 |
_aAR-LpoUNG _bspa _cAR-LpoUNG _eaacr |
||
| 041 | _aspa | ||
| 044 | _aag | ||
| 082 | 0 | _a982.065 388med | |
| 100 | 1 |
_aAlfonso, Alfredo _edir. |
|
| 245 | 1 | 0 |
_aMalvinas : _bme deben tres |
| 260 |
_aBuenos Aires : _bBlackman, _c[199?]. |
||
| 300 | _aVHS (52 min.) : son., col. | ||
| 520 | _aLos protagonistas son ex-combatientes, familiares, vecinos y visitantes de lugares históricos, periodistas y familiares cercanos de caídos en combate. En todos, el tema Malvinas es mucho más que un recuerdo. También coinciden en destacar que durante el conflicto hubo dos Argentinas: La capital federal y el resto del país. Una ajena a lo bélico o al compromiso humano con quienes sufrían resolviendo el destino de estos; la otra con la cabeza puesta en las lejanas islas y el drama que enfrentaban sus hijos, hermanos, novios, amigos o vecinos. | ||
| 650 | 4 | _aARGENTINA | |
| 650 | 4 | _aCONSECUENCIAS SOCIALES | |
| 650 | 4 | _aDICTADURA | |
| 650 | 4 | _aGOBIERNO MILITAR | |
| 650 | 4 | _aGUERRA | |
| 650 | 4 | _aVICTIMAS | |
| 651 | 4 | _aArgentina | |
| 653 | _aDOCUMENTALES | ||
| 653 | _aVIDEOS | ||
| 700 | 1 |
_aDuizeide, Juan _edir. |
|
| 700 | 1 |
_aGiordano, Carlos _edir. |
|
| 905 | _a15507 | ||
| 942 | _cVIDEO | ||
| 999 |
_c54237 _d54237 |
||